| 000 | 00683nam a2200193 a 4500 | ||
|---|---|---|---|
| 001 | 000036381 | ||
| 005 | 20200930075711.0 | ||
| 008 | 120116s1987 sp a 000 0 spa d | ||
| 020 | _a8476053703 | ||
| 040 |
_aDO-SdBNP _bspa _cBNPHU |
||
| 082 |
_axxx _bA462c, 1987 |
||
| 100 | 1 |
_aAlspach, Joann Grif _962575 |
|
| 245 | 1 | 0 |
_aCuidados intensivos en el adulto / _cJoann Grif Alspach, Susan M. Williams ; traducción de Rosa María Romero de la Osa Gajate. |
| 250 | _a3a ed. | ||
| 260 |
_aMadrid : _bInteramericana/McGraw-Hill, _c1987. |
||
| 300 |
_axxiii, 634 p. : _bil. ; _c26 cm. |
||
| 700 | 1 |
_aWilliams, Susan M., _962576 |
|
| 700 | 1 |
_aRomero de la Osa Gajate, Rosa María, _etr. _962577 |
|
| 999 |
_c35872 _d35872 |
||